| 000 | 006600000a22002290004500 | ||
|---|---|---|---|
| 003 | LK-CoMWRAF | ||
| 005 | 20240211034536.0 | ||
| 008 | 230817t2003 ||||| |||| 00| 0 eng d | ||
| 020 | _a9555800774 | ||
| 040 |
_aLK-CoMWRAF _dLK-CoMWRAF _eLK-CoMWRAF |
||
| 041 | _aeng | ||
| 082 |
_a303.66 _bVAL |
||
| 245 | _aThe Value of peace | ||
| 260 |
_aColombo : _bInternational Centre for Ethnic Studies for Neelan Tiruchelvam trust, _c[2003] |
||
| 300 | _aix, 115 p. : ill. ; 23 cm. | ||
| 650 | _aPacifism | ||
| 650 | _aPeace | ||
| 650 | _aPeace-building | ||
| 700 |
_aUyangoda,, Jayadeva _ecomp. _eed. |
||
| 700 |
_aTalpawela, Anusha _ecomp. _eed. |
||
| 942 | _cBK | ||
| 999 |
_c1888 _d1888 |
||